[Event "BRA-ch U26"]
[Site "Brasilia"]
[Date "2019.04.26"]
[Round "7"]
[White "Dos Santos, Bruno Carvalho"]
[Black "Oliveira, Rafael Do Nasciment"]
[Result "1-0"]
[WhiteElo "1800"]
[BlackElo "1798"]
[PlyCount "57"]
[EventDate "2019.04.23"]
[EventType "swiss"]
[EventRounds "7"]
[EventCountry "BRA"]
[SourceTitle "CBM 190 Extra"]
[Source "ChessBase"]
[SourceDate "2019.07.15"]
[SourceVersion "1"]
[SourceVersionDate "2019.07.15"]
[SourceQuality "1"]

1. e4 c6 2. Nf3 d5 3. e5 Bf5 4. d4 e6 5. Bd3 Ne7 6. Bg5 Bxd3 7. Qxd3 Qb6 8. b3 Nf5 9. 0-0 c5 10. dxc5 Bxc5 11. Nc3 0-0 12. Nxd5 exd5 13. Qxf5 Nc6 14. Qg4 Ne7 15. h4 h6 16. Bxh6 Qxh6 17. Rfe1 Qe6 18. Qg3 Nf5 19. Qg4 Nh6 20. Qf4 Qf5 21. Qd2 Ng4 22. Re2 Rfd8 23. Rae1 Be7 24. Nd4 Qh5 25. e6 Qxh4 26. exf7+ Kf8 27. Nf3 Qh5 28. Rxe7 Nf6 29. Qb4 1-0

[Event "BRA-ch U26"]
[Site "Brasilia"]
[Date "2019.04.25"]
[Round "5"]
[White "Oliveira, Rafael Do Nasciment"]
[Black "Mello, Eduardo Dos Santos"]
[Result "0-1"]
[WhiteElo "1798"]
[BlackElo "1813"]
[PlyCount "70"]
[EventDate "2019.04.23"]
[EventType "swiss"]
[EventRounds "7"]
[EventCountry "BRA"]
[SourceTitle "CBM 190 Extra"]
[Source "ChessBase"]
[SourceDate "2019.07.15"]
[SourceVersion "1"]
[SourceVersionDate "2019.07.15"]
[SourceQuality "1"]

1. e4 e5 2. d4 exd4 3. Nf3 Nc6 4. Bc4 Be7 5. c3 d6 6. cxd4 Bg4 7. 0-0 Nf6 8. d5 Ne5 9. Bb5+ Nfd7 10. Nbd2 0-0 11. Qb3 c6 12. dxc6 bxc6 13. Nxe5 Nxe5 14. Bc4 Qc7 15. f4 Rab8 16. Qg3 Nxc4 17. Nxc4 Be2 18. Ne3 Bxf1 19. Kxf1 Bf6 20. Rb1 Qa5 21. a3 Qb5+ 22. Kg1 Bd4 23. f5 Qd3 24. f6 Bxf6 25. Ra1 Bd4 26. Kh1 Bxb2 27. Bxb2 Rxb2 28. Rd1 Rb1 29. Qe1 Rfb8 30. h3 Rxd1 31. Nxd1 Rb1 32. Qa5 Qxd1+ 33. Kh2 Qg1+ 34. Kg3 Qe3+ 35. Kh2 Qf4+ 0-1